| 000 | 01241nam a2200361 a 4500 | ||
|---|---|---|---|
| 001 | 22771 | ||
| 003 | SK-KTurca | ||
| 005 | 20260423125734.0 | ||
| 008 | 240314s2000 xo ap r y slo | ||
| 015 | _aSNBA2001/05-01856 | ||
| 020 | _a8071188204 | ||
| 035 | _aSNK000363351 | ||
| 035 | _aurn:nbn:sk:snk-amltwa | ||
| 035 | _aurn:nbn:sk:snk-am00cb71 | ||
| 035 | _a0E491393-CA0E-4663-ACF1-181C7DBD6732 | ||
| 040 |
_aSNK _bslo _cSNK _eAACR2 _dBJKDG |
||
| 041 | 0 | _aslo | |
| 044 |
_axo _cSK |
||
| 080 |
_a72:504(035) _21981 |
||
| 080 |
_a504:72(035) _21981 |
||
| 100 | 1 |
_aBauer-Böckler, Hans-Peter _4aut |
|
| 240 | 1 | 0 |
_aHäuser ökologisch geplant preiswert gebaut _lSlovensky |
| 245 | 1 | 0 |
_aEkologická výstavba _btipy a nápady, materiály a príklady _cH.-P. Bauer-Böckler ; [z nemeckého originálu preložili Květoslav Spiller a Magda Spillerová] |
| 260 |
_aBratislava _bIkar _c2000 |
||
| 300 |
_a125 s. _bfareb. fotogr., sch., tab. _c30 cm |
||
| 500 | _aÚdaj o prekl. prevzatý z tiráže | ||
| 650 | 0 | 7 |
_aekologické stavby _2SNKPH |
| 655 | 7 |
_apríručky _2SNK |
|
| 700 | 1 |
_aSpiller, Květoslav _4trl |
|
| 700 | 1 |
_aSpillerová, Magda _4trl |
|
| 942 |
_2ddc _cOLDO _n0 |
||
| 999 |
_c22771 _d22771 |
||